00531nam a2200193 a 4500001001300000003000900013005001700022008004100039020001000080082001600090100002400106245006700130260003600197300000900233500003500242505001100277650002500288700002400313nice12345678IN_TiNIC20260116013346.0050524s1983 dela grp 000 0 eng  ac80000a722.07bRAJ aRajan, K V Soundara aIslam Builds in Indiab Cultural Study of Islamic Architecture aDelhibAgma Kalaprakashanc1983 a218p aincludes index and biblioraphy2 aPlates aIslamic-Architecture1 aRajan, K V Soundara